Brettonwoodské instituce v globalizovaném světovém hospodářství

Medzinárodný menový fond a Svetová banka ako hlavné inštitúcie brettonwoodskeho menového systému (1944). Ciele a princípy činnosti Medzinárodného menového fondu (MMF). Úloha MMF pri riešení finančných kríz. Súčasné problémy a nové výzvy pre MMF. Úloha a činnosť Svetovej banky. Programy Svetovej ban...

ver descrição completa

Na minha lista:
Detalhes bibliográficos
Autor principal: Fárek, Jiří
Formato: Capítulo de Livro
Idioma:tcheco
Assuntos:
Tags: Adicionar Tag
Sem tags, seja o primeiro a adicionar uma tag!

MARC

LEADER 00000naa$a2200000$$$4500
001 0048914
005 20231016092453.4
041 0 |a cze 
044 |a CZ 
245 1 0 |a Brettonwoodské instituce v globalizovaném světovém hospodářství  |c Jiří Fárek 
520 |a Medzinárodný menový fond a Svetová banka ako hlavné inštitúcie brettonwoodskeho menového systému (1944). Ciele a princípy činnosti Medzinárodného menového fondu (MMF). Úloha MMF pri riešení finančných kríz. Súčasné problémy a nové výzvy pre MMF. Úloha a činnosť Svetovej banky. Programy Svetovej banky na znižovanie chudoby. 
610 2 0 |a financie 
610 2 0 |a financovanie 
610 2 0 |a pôžičky 
610 2 0 |a úver 
610 2 0 |a organizácie medzinárodné 
610 2 0 |a spolupráca medzinárodná 
610 2 0 |a trh finančný 
610 2 0 |a krajiny vyspelé 
610 2 0 |a krajiny rozvojové 
100 1 |a Fárek, Jiří